Syntéza neštandardných adaptívnych filtrov

Na minha lista:
Detalhes bibliográficos
Autor principal: Farkas, Tomáš (Author)
Outros Autores: Kotuliaková, Jana, 1939- (Thesis advisor)
Formato: Manuscrito Livro
Idioma:eslovaco
Publicado em: Bratislava : STU v Bratislave FEI, 2002
Assuntos:
Tags: Adicionar Tag
Sem tags, seja o primeiro a adicionar uma tag!

MARC

LEADER 00000ntm a22000003a 4500
001 stu78708
005 20160719164749.2
008 030128s2002------------------------slo-d
040 |a STU  |b slo 
041 0 |a slo 
100 1 |a Farkas, Tomáš  |4 aut 
245 1 |a Syntéza neštandardných adaptívnych filtrov 
260 |a Bratislava :  |b STU v Bratislave FEI,  |c 2002 
300 |a 53 s 
650 7 |a Telekomunikácie  |2 stusub 
700 1 |a Kotuliaková, Jana,  |d 1939-  |4 ths  |u E240  |U FEI Fakulta elektrotechniky a informatiky  |T FEI Katedra telekomunikácií  |X 2139  |U E240  |Y 72  |7 A000002139